000 00722nam a2200217Ia 4500
001 19577
003 GE_BSU
008 181216s||||||||xx |||||||||||||| ||und||
040 _cGE_BSU
080 _a02
100 _aთოთიბაძე, თ. მაჭავარიანი,თ. ხაბურძანია,ე.
245 _aსამნიშნა საავტორო ტაბულები
250 _aმე-2 შესწ. გამოც.
260 _aთბილისი
260 _c1954
300 _a175გვ.
541 _h5ლ.90თ.
653 _aსამნიშნა საავტორო ტაბულები
653 _aქსეროქსი
942 _cBK
999 _c52553
_d52553